000 00967cam a22003137a 4500
003 CHAP
005 20220329133327.0
008 971013s1992 r 00010 d
010 _a4965
011 _a5937
035 _a5153
040 _cCHAP
090 _aFolleto 13810
100 0 0 _aPadilla, Saúl.
_984679
245 1 4 _aLos hongos del pino
_c/por Saúl Padilla
260 _aQuito, Ecuador :
_bDesarrollo Forestal Campesino,
_c1992.
300 _a4 p.
_b: ilus.
490 0 _aDesarrollo Forestal Campesino
_v; 4
590 _aBATCH-UPD
_b10
_c20130110
_lUCH01
_h1852
590 _aBATCH-UPD
_b10
_c20130410
_lUCH01
_h1221
590 _aBATCH-UPD
_b10
_c20130914
_lUCH01
_h1621
590 _aCONVERSION
_b10
_c20130109
_lUCH01
_h1304
650 1 4 _aHongos comestibles.
_956124
650 1 4 _aPináceas.
_988210
830 0 _aDesarrollo Forestal Campesino
_v; 4
_932060
901 _aBK
942 _cFOLL
949 _aFolleto 13810
_bBC
_cFOLL
_d-14720
_eTS1
_i5153
_mD
_sb
999 _c4965
_d4965